[Event "AUS-ch"]
[Site "Adelaide"]
[Date "2024.01.10"]
[Round "10"]
[White "Hernandez Mendez, Iker"]
[Black "Lee, Aaron James"]
[Result "0-1"]
[WhiteElo "1834"]
[BlackElo "2051"]
[PlyCount "180"]
[EventDate "2024.01.02"]
[EventType "swiss"]
[EventRounds "11"]
[EventCountry "AUS"]
[SourceTitle "CB03_2024"]
[SourceDate "2024.01.17"]
[SourceVersion "1"]
[SourceVersionDate "2024.01.17"]
[SourceQuality "1"]

1. e4 d5 2. exd5 Qxd5 3. Nc3 Qa5 4. d4 Nf6 5. Nf3 Bf5 6. Bd2 c6 7. Bc4 Nbd7 8. Qe2 Qc7 9. 0-0-0 e6 10. Rhe1 0-0-0 11. Ne5 Nxe5 12. dxe5 Nd5 13. h4 h5 14. Bxd5 cxd5 15. Bg5 Rd7 16. Nb5 Qa5 17. Kb1 a6 18. Nd4 Bg6 19. Qe3 Bb4 20. Nb3 Qa4 21. Re2 Rc7 22. Rd4 Qb5 23. Rd1 Kb8 24. Nd4 Qa4 25. Qb3 Qxb3 26. axb3 Rhc8 27. Kc1 Bc5 28. c3 b5 29. Kd2 b4 30. Be3 Kb7 31. c4 dxc4 32. bxc4 Bxd4 33. Bxd4 Rxc4 34. Ke3 Bc2 35. Rdd2 a5 36. g3 a4 37. Re1 R8c7 38. Ra1 Bb3 39. Kd3 Rd7 40. Ke3 Rd5 41. f3 f6 42. exf6 e5 43. f7 exd4+ 44. Rxd4 Rf5 45. Rxc4 Bxc4 46. Rxa4 Bxf7 47. Rxb4+ Kc6 48. g4 hxg4 49. Rxg4 g6 50. b4 Rh5 51. Rf4 Be8 52. Kd4 Kd6 53. Re4 Bd7 54. Kc4 Bb5+ 55. Kd4 Bd7 56. Rf4 Be6 57. b5 Rxb5 58. Rf6 Rb4+ 59. Ke3 Rxh4 60. Rxg6 Ke5 61. Rg5+ Bf5 62. Rg8 Bd7 63. Ra8 Bc6 64. Ra5+ Bd5 65. Kf2 Rb4 66. Kg3 Rb3 67. Kg4 Rd3 68. f4+ Kf6 69. Ra6+ Be6+ 70. f5 Rd4+ 71. Kf3 Kxf5 72. Ra5+ Bd5+ 73. Ke3 Ke5 74. Ra7 Rh4 75. Re7+ Be6 76. Re8 Rh3+ 77. Kd2 Kd5 78. Rd8+ Kc4 79. Ra8 Kd4 80. Rd8+ Bd5 81. Kd1 Rh2 82. Ke1 Ke3 83. Rf8 Bf3 84. Re8+ Be4 85. Rf8 Rb2 86. Rd8 Ra2 87. Rd6 Rh2 88. Rf6 Bd5 89. Kd1 Bc4 90. Rg6 Rh1+ 0-1

[Event "Perth op"]
[Site "Perth"]
[Date "2023.01.07"]
[Round "8"]
[White "Lakner, Jay"]
[Black "Hernandez Mendez, Iker"]
[Result "1-0"]
[WhiteElo "2060"]
[BlackElo "1611"]
[PlyCount "95"]
[EventDate "2023.01.02"]
[EventType "swiss"]
[EventRounds "11"]
[EventCountry "AUS"]
[SourceTitle "CBM 212 Extra"]
[Source "ChessBase"]
[SourceDate "2023.03.31"]
[SourceVersion "1"]
[SourceVersionDate "2023.03.31"]
[SourceQuality "1"]

1. c4 c6 2. e4 d5 3. exd5 cxd5 4. d4 Nf6 5. Nc3 Nc6 6. Nf3 Bg4 7. cxd5 Nxd5 8. Qb3 Bxf3 9. gxf3 Nxc3 10. bxc3 Qb6 11. d5 Ne5 12. Bb5+ Nd7 13. Qa4 0-0-0 14. Bxd7+ Rxd7 15. Be3 Qa6 16. Qxa6 bxa6 17. c4 e6 18. dxe6 Bb4+ 19. Ke2 fxe6 20. Rhd1 Rhd8 21. Rxd7 Rxd7 22. Rd1 Rc7 23. Rd4 Kb7 24. Kd3 Kc6 25. Bf4 Rf7 26. Ke4 Rf5 27. Rd8 Ra5 28. Rc8+ Kd7 29. Rc7+ Ke8 30. Rxg7 Bc5 31. Rg5 Kd7 32. Be3 Bb6 33. Rxa5 Bxa5 34. Bxa7 Bc7 35. f4 a5 36. h3 Kd6 37. f5 exf5+ 38. Kxf5 Bd8 39. a4 h5 40. Bd4 h4 41. f4 Be7 42. Kg6 Bd8 43. f5 Be7 44. Kf7 Bg5 45. Ke8 Bh6 46. f6 Ke6 47. f7 Kf5 48. Bf2 1-0

[Event "Eastern Asia-ch U12"]
[Site "Tornelo INT"]
[Date "2021.10.30"]
[Round "4"]
[White "Hernandez Mendez, Iker"]
[Black "Nguyen, Tran Huy Khanh"]
[Result "0-1"]
[WhiteElo "1588"]
[BlackElo "1026"]
[PlyCount "164"]
[EventDate "2021.10.29"]
[EventType "swiss"]
[EventRounds "9"]
[EventCountry "NET"]
[SourceTitle "EXT 2023"]
[Source "ChessBase"]
[SourceDate "2022.10.05"]
[SourceVersion "1"]
[SourceVersionDate "2022.10.05"]
[SourceQuality "1"]

1. e4 c5 2. d4 cxd4 3. c3 Nc6 4. cxd4 d5 5. e5 e6 6. Nf3 Bb4+ 7. Bd2 Bxd2+ 8. Qxd2 Nge7 9. Bd3 0-0 10. 0-0 a6 11. a3 b5 12. b4 Bd7 13. Qe2 Qb6 14. Rd1 Ng6 15. Qe3 Rfc8 16. Nbd2 a5 17. Bxg6 fxg6 18. bxa5 Nxa5 19. Nb3 Nc4 20. Qg5 Ra7 21. Qe7 Be8 22. Qb4 Ra4 23. Qe7 Ra7 24. Qb4 h6 25. Nc5 Rca8 26. Rd3 Kf7 27. Ne1 Kg8 28. Nc2 g5 29. Ne3 Qc6 30. Rb3 Ra5 31. h3 Bg6 32. Rc3 Kh7 33. Kh2 Qe8 34. Nb7 Ra4 35. Qc5 Rc8 36. Nd6 Rxc5 37. Nxe8 Rc8 38. Nd6 Nxd6 39. Rxc8 Nxc8 40. Rc1 Ra8 41. Rc6 Bf7 42. Rc7 Kg8 43. Rb7 Be8 44. Nc2 Ra7 45. Rb8 Rc7 46. Nb4 Bd7 47. Na6 Rc2 48. Nc5 Kf7 49. Nxd7 Ne7 50. Rf8+ Kg6 51. Nc5 Nf5 52. Nxe6 Rxf2 53. Nc7 Re2 54. Nxb5 Nh4 55. Kg1 Rxg2+ 56. Kh1 Re2 57. a4 Nf5 58. a5 Ra2 59. Nd6 Nxd4 60. Nb7 Ne6 61. Rf1 Nf4 62. Rf3 Kf5 63. Re3 d4 64. Nd6+ Ke6 65. Re4 d3 66. Nc4 d2 67. Nxd2 Rxd2 68. Ra4 Rd7 69. a6 Ra7 70. Ra5 Nd5 71. Kg2 Kxe5 72. Kf3 Ke6 73. Kg4 g6 74. h4 gxh4 75. Kxh4 Nb4 76. Rb5 Nxa6 77. Rb6+ Kf7 78. Kg4 Nc5 79. Rc6 Ne6 80. Kf3 Kf6 81. Ke4 Ra4+ 82. Kd5 Rd4# 0-1